{"text_format":"2","workbook":"xlsx","n_sheets":7,"sheets":["ORÇAMENTO","BDI","COMPOSIÇÕES UNITARIAS","Serv Topografico Pav","Projeto Geometrico","Enc Sociais","CPU VEICULO"],"not_rendered":{"charts":0,"images":1,"macros":0,"external_links":0,"defined_names":740,"comments":0,"pivot_tables":0},"unopened":[],"bounds":{"document_bytes":16777216,"sheet_cells":100000,"run_cost":"one","rows_first":2000,"rows_last":500,"rows_between":2000,"halvings":0,"cell_chars":16384,"cell_head_chars":4096},"cells_cut":0,"cells_raw":0,"read":"whole","date_system":"1900"}

{"sheet":"ORÇAMENTO","index":0,"n_rows":21,"n_cols":7,"rows_kept":21,"cut":false,"hidden":false,"merged":[[19,1,19,5],[20,1,20,6],[1,1,4,6],[5,1,6,6],[7,1,8,6],[9,1,10,6]]}
[]
[]
[]
[]
[]
[null,"ANEXO III - PLANILHA ORÇAMENTÁRIA_DESONERADA"]
[]
[null,"SERVIÇO: APOIO TÉCNICO E CARACTERIZAÇÃO DE VIAS URBANAS E RURAIS "]
[]
[null,"LOCAL: DIVERSOS MUNICÍPIOS INSERIDOS DE ATUAÇÃO DA 3ª SUPERINTENDÊNCIA REGIONAL DA CODEVASF."]
[]
[]
[null,"Item","Descrição dos Serviços","Unidade","Quant.","Valor Unitário","Valor Total"]
[null,1,"Mobilização.","un",2,813.96,1627.92]
[null,2,"Administração local","un",1,19527.12,19527.12]
[null,3,"Equipe para Apoio Técnico a Fiscalização de Obras de Pavimentação","mês",12,52822.37,633868.43999999994]
[null,4,"Seviços Topográficos, contemplando o Levantamento topográfico planialtimétrico cadastral, incluso eixos, seções transversais, longitudinais, calculo de volumes de terraplenagem, volumes de cortes e aterros, extraídos de levantamento planialtimétrico (por área), e apresentação das pranchas com as seções transversais de corte e aterro, bem como planilha com a memória de cálculo dos volumes.","m²",1600000,0.28999999999999998,464000]
[null,5,"Projeto Geométrico de Vias Urbanas e Rurais","m²",1600000,0.23,368000]
[null,6,"Desmobilização.","un",2,813.96,1627.92]
[null,"TOTAL GERAL R$",{"$nulls":4},1488651.4]
[null,"Base para orçamento: Tabela de Engenharia Consultiva CODEVASF 01/2019, SINAPI -OUTUBRO/2020 e ORSE SETEMBRO/2020"]

{"sheet":"BDI","index":1,"n_rows":33,"n_cols":6,"rows_kept":33,"cut":false,"hidden":false,"merged":[[1,2,1,5],[3,2,3,5]]}
[]
[null,null,"OBRA: REALIZAÇÃO DE LEVANTAMENTOS TOPOGRÁFICOS PARA APOIO À FISCALIZAÇÃO CODEVASF EM OBRAS DE DIVERSOS MUNICIPIOS DE PERNAMBUCO, NA ÁREA DE ATUAÇÃO DA 3ª SUPERINTENDÊNCIA REGIONAL DA CODEVASF."]
[]
[null,null,"DETALHAMENTO DO BDI DESONERADO"]
[]
[null,null,"Item","Descrição dos serviços","Preço de Venda (%)","Custo Direto (%)"]
[]
[null,null,1,"Administração Central (A)",null,5.5E-2]
[]
[null,null,2,"Impostos e Taxas (I)",0.1115]
[null,null,"2.1","ISS",0.03]
[null,null,"2.2","PIS",6.4999999999999997E-3]
[null,null,"2.3","Cofins",0.03]
[null,null,"2.4","CPRB",4.4999999999999998E-2]
[null,null,"3","Risco, seguro e garantia (R) ",null,1.4E-2]
[null,null,"3.1","Risco",null,0.01]
[null,null,"3.2","Seguro + Garantia",null,4.0000000000000001E-3]
[]
[null,null,4,"Despesas Financeiras (DF)",null,8.5000000000000006E-3]
[]
[null,null,5,"Lucro (L)",null,6.5000000000000002E-2]
[]
[null,null,null,"BDI* (%)",null,0.29199999999999998]
[]
[]
[]
[null,null,null,"BDI (%) - ADOTADO",null,0.29199999999999998]
[]
[null,null,"AC = ","taxa de rateio da Administração Central",null,5.5E-2]
[null,null,"I =","taxa de tributos",null,0.1115]
[null,null,"R = ","taxa de risco, seguro e garantia",null,1.4E-2]
[null,null,"DF = ","taxa das despesas financeiras",null,8.5000000000000006E-3]
[null,null,"L = ","taxa de lucro",null,6.5000000000000002E-2]

{"sheet":"COMPOSIÇÕES UNITARIAS","index":2,"n_rows":131,"n_cols":12,"rows_kept":131,"cut":false,"hidden":false,"merged":[[129,3,129,7],[130,1,130,7],[1,1,4,8],[32,1,35,8],[64,1,67,8],[99,1,102,8],[119,1,119,8],[125,1,125,7],[126,1,126,7],[127,3,127,7],[128,1,128,7],[109,1,109,7],[110,1,110,8],[114,1,114,7],[115,1,115,8],[118,1,118,7],[103,3,103,8],[104,1,104,6],[104,7,104,8],[105,1,105,6],[106,1,106,8],[93,3,93,7],[94,1,94,7],[95,3,95,7],[96,1,96,7],[97,1,97,7],[83,1,83,8],[86,1,86,7],[87,1,87,8],[91,1,91,7],[92,1,92,7],[69,1,69,6],[70,1,70,8],[73,1,73,7],[74,1,74,8],[82,1,82,7],[58,3,58,7],[59,1,59,7],[60,3,60,7],[61,1,61,7],[68,1,68,6],[68,7,68,8],[48,1,48,8],[51,1,51,7],[52,1,52,8],[56,4,56,6],[57,1,57,7],[38,1,38,6],[39,1,39,8],[42,1,42,7],[43,1,43,8],[47,1,47,7],[29,3,29,7],[30,1,30,7],[36,3,36,8],[37,1,37,6],[37,7,37,8],[21,1,21,8],[25,4,25,6],[26,1,26,7],[27,3,27,7],[28,1,28,7],[11,1,11,7],[12,1,12,8],[16,1,16,7],[17,1,17,8],[20,1,20,7],[5,3,5,8],[6,1,6,6],[6,7,6,8],[7,1,7,6],[8,1,8,8]]}
[]
[]
[]
[]
[]
[null,"CODEVASF","01.03-A","COMPOSIÇÃO DE PREÇO UNITÁRIO"]
[null,"OBRA: APOIO A FISCALIZAÇÃO DE OBRAS DA 3º SUPERINTENDENCIA REGIONAL.",{"$nulls":5},"DATA: Novembro/2020"]
[null,"SERVIÇO: Mobilização de equipamentos, materiais e pessoal.",{"$nulls":5},"UNIDADE:","unid."]
[null,"EQUIPAMENTO"]
[null,"DISCRIMINAÇÃO","UNID","QUANT.","PROD","IMPROD","P.UNIT. PROD","P.UNIT. IMPR","P.TOTAL"]
[{"$nulls":8},0]
[null,"SUB-TOTAL",{"$nulls":6},0]
[null,"MATERIAL"]
[null,"DISCRIMINAÇÃO","UNID","QUANT.",null,null,null,"P.UNIT.","P.TOTAL"]
[null,"Passagem de ônibus da cidade de origem (Recife) para Petrolina.","unid.",4,null,null,null,157.5,630,null,"PROGRESSO","COTAÇÃO"]
[{"$nulls":8},0]
[null,"SUB-TOTAL",{"$nulls":6},630]
[null,"SERVIÇOS - COMPOSIÇÕES AUXILIARES"]
[null,"DISCRIMINAÇÃO","UNID","QUANT.",null,null,null,"P.UNIT.","P.TOTAL"]
[{"$nulls":8},0]
[null,"SUB-TOTAL",{"$nulls":6},0]
[null,"MÃO DE OBRA"]
[null,"DISCRIMINAÇÃO","UNID","QUANT.",null,null,null,"P.UNIT.","P.TOTAL"]
[{"$nulls":8},0]
[{"$nulls":8},0]
[{"$nulls":4},"Leis Sociais:",null,null,0.7107,0]
[null,"SUB-TOTAL",{"$nulls":6},0]
[null,"PRODUÇÃO DA EQUIPE",1,"CUSTO",{"$nulls":4},630]
[null,"TOTAL - R$",{"$nulls":6},630]
[null,"BDI",0.29199999999999998,{"$nulls":5},183.96]
[null,"TOTAL DO SERVIÇO - R$",{"$nulls":6},813.96]
[]
[]
[]
[]
[]
[null,"CODEVASF","01.03-B","COMPOSIÇÃO DE PREÇO UNITÁRIO"]
[null,"OBRA: APOIO A FISCALIZAÇÃO DE OBRAS DA 3º SUPERINTENDENCIA REGIONAL.",{"$nulls":5},"DATA: Novembro/2020"]
[null,"SERVIÇO : Desmobilização de equipamentos, materiais e pessoal.",{"$nulls":5},"UNIDADE:","unid."]
[null,"EQUIPAMENTO"]
[null,"DISCRIMINAÇÃO","UNID","QUANT.","PROD","IMPROD","P.UNIT. PROD","P.UNIT. IMPR","P.TOTAL"]
[{"$nulls":8},0]
[null,"SUB-TOTAL",{"$nulls":6},0]
[null,"MATERIAL"]
[null,"DISCRIMINAÇÃO","UNID","QUANT.",null,null,null,"P.UNIT.","P.TOTAL"]
[null,"Passagem de ônibus de Petrolina para cidade de origem (Recife).","unid.",4,null,null,null,157.5,630,null,"PROGRESSO","COTAÇÃO"]
[{"$nulls":8},0]
[null,"SUB-TOTAL",{"$nulls":6},630]
[null,"SERVIÇOS - COMPOSIÇÕES AUXILIARES"]
[null,"DISCRIMINAÇÃO","UNID","QUANT.",null,null,null,"P.UNIT.","P.TOTAL"]
[{"$nulls":8},0]
[null,"SUB-TOTAL",{"$nulls":6},0]
[null,"MÃO DE OBRA"]
[null,"DISCRIMINAÇÃO","UNID","QUANT.",null,null,null,"P.UNIT.","P.TOTAL"]
[{"$nulls":8},0]
[{"$nulls":8},0]
[{"$nulls":4},"Leis Sociais:",null,null,0.7107,0]
[null,"SUB-TOTAL",{"$nulls":6},0]
[null,"PRODUÇÃO DA EQUIPE",1,"CUSTO",{"$nulls":4},630]
[null,"TOTAL - R$",{"$nulls":6},630]
[null,"BDI",0.29199999999999998,{"$nulls":5},183.96]
[null,"TOTAL DO SERVIÇO - R$",{"$nulls":6},813.96]
[]
[]
[]
[]
[]
[]
[null,"OBRA: APOIO A FISCALIZAÇÃO DE OBRAS DA 3º SUPERINTENDENCIA REGIONAL.",{"$nulls":5},"DATA: Novembro/2020"]
[null,"SERVIÇO : Administração Local",{"$nulls":5},"UNIDADE:","unid."]
[null,"EQUIPAMENTO"]
[null,"DISCRIMINAÇÃO","UNID","QUANT.","PROD","IMPROD","P.UNIT. PROD","P.UNIT. IMPR","P.TOTAL"]
[]
[null,"SUB-TOTAL",{"$nulls":6},0]
[null,"MATERIAL"]
[null,"DISCRIMINAÇÃO","UNID","QUANT.",null,null,null,"P.UNIT.","P.TOTAL"]
["COTAÇÃO 2","Aluguel de Sala para escritório","mês",1,null,null,null,550,550]
[2705,"Energia elétrica","kwh",600,null,null,null,"0,80",480]
["10557/ORSE","Telefone - tarifa mensal","unid.",1,null,null,null,154.99,154.99]
["10558/ORSE","Internet","mês",0.5,null,null,null,89,44.5]
["10562/ORSE","Material de consumo desenho e escritório","mês",1,null,null,null,30,30]
["10563/ORSE","Material de Limpeza"]
[null,"SUB-TOTAL",{"$nulls":6},1259.49]
[null,"SERVIÇOS - COMPOSIÇÕES AUXILIARES"]
[null,"DISCRIMINAÇÃO","UNID","QUANT.",null,null,null,"P.UNIT.","P.TOTAL"]
[{"$nulls":8},0]
[null,"SUB-TOTAL",{"$nulls":6},0]
[null,"MÃO DE OBRA"]
[null,"DISCRIMINAÇÃO","UNID","QUANT.",null,null,null,"P.UNIT.","P.TOTAL"]
[{"$nulls":8},0]
[]
[null,"SUB-TOTAL",{"$nulls":6},0]
[]
[null,"PRODUÇÃO DA EQUIPE",1,"CUSTO",{"$nulls":4},1259.49]
[null,"TOTAL - R$",{"$nulls":6},1259.49]
[null,"BDI",0.29199999999999998,{"$nulls":5},367.77]
[null,"TOTAL DO SERVIÇO - R$",{"$nulls":6},1627.26]
[null,"TOTAL DO SERVIÇO PARA 12 MESES - R$",{"$nulls":6},19527.12]
[]
[]
[]
[]
[]
[null,"CODEVASF","01.04-A","COMPOSIÇÃO DE PREÇO UNITÁRIO"]
[null,"OBRA: APOIO A FISCALIZAÇÃO DE OBRAS DA 3º SUPERINTENDENCIA REGIONAL.",{"$nulls":5},"DATA: Novembro/2020"]
[null,"SERVIÇO:Equipe para Apoio Técnico a Fiscalização de Obras",{"$nulls":5},"UNIDADE:","mês"]
[null,"EQUIPAMENTO"]
[null,"DISCRIMINAÇÃO","UNID","QUANT.","PROD","IMPROD","P.UNIT. PROD","P.UNIT. IMPR","P.TOTAL"]
[null,"Veículo 4x4 à fiscalização com seguro, taxas de licenciamento, revisão periódica, manutenção, combustível e pneus.","mês",2,null,null,null,4867.22,9734.44]
[null,"SUB-TOTAL",{"$nulls":6},9734.44]
[null,"MATERIAL"]
[null,"DISCRIMINAÇÃO","UNID","QUANT.",null,null,null,"P.UNIT.","P.TOTAL"]
[]
[]
[null,"SUB-TOTAL",{"$nulls":6},0]
[null,"SERVIÇOS - COMPOSIÇÕES AUXILIARES"]
[null,"DISCRIMINAÇÃO","UNID","QUANT.",null,null,null,"P.UNIT.","P.TOTAL"]
[{"$nulls":8},0]
[null,"SUB-TOTAL",{"$nulls":6},0]
[null,"MÃO DE OBRA"]
[null,"DISCRIMINAÇÃO","UNID","QUANT.",null,null,null,"P.UNIT.","P.TOTAL"]
[40811,"Eng Junior - Residente","mês",1,null,null,null,"12.982,88",12982.88]
[40931,"ASSISTENTE DE ENGENHARIA","mês",4,null,null,null,"3.953,20",15812.8]
[40805,"DESENHISTA DETALHISTA","mês",0,null,null,null,"4.660,17",0]
[40812,"Auxiliar de Escritorio","mês",1,null,null,null,"2.354,07",2354.0700000000002]
[null,"SUB-TOTAL",{"$nulls":6},31149.75]
[]
[null,"PRODUÇÃO DA EQUIPE",1,"CUSTO",{"$nulls":4},40884.19]
[null,"TOTAL - R$",{"$nulls":6},40884.19]
[null,"BDI",0.29199999999999998,{"$nulls":5},11938.18]
[null,"TOTAL DO SERVIÇO - R$",{"$nulls":6},52822.37]

{"sheet":"Serv Topografico Pav","index":3,"n_rows":48,"n_cols":8,"rows_kept":48,"cut":false,"hidden":false,"merged":[[43,0,43,4],[45,0,45,4],[37,0,37,5],[38,4,38,5],[39,2,39,4],[40,0,40,5],[41,0,41,5],[23,0,23,6],[26,0,26,5],[27,0,27,6],[31,0,31,5],[32,0,32,6],[10,0,10,6],[11,0,11,6],[13,0,13,6],[21,0,21,5],[22,0,22,5],[2,1,2,6],[3,1,3,6],[6,0,6,6],[7,0,7,6],[9,0,9,6]]}
[]
[]
[null,"PREGÃO ELETRÔNICO  EDITAL Nº 012/2019"]
[null,"(SISTEMA DE REGISTRO DE PREÇOS – SRP) "]
[]
[]
["CONTRATO N.º 3.223.00.2019"]
["OBJETO: REALIZAÇÃO DE LEVANTAMENTOS TOPOGRÁFICOS PARA APOIO À FISCALIZAÇÃO CODEVASF."]
[]
[]
["LEVANTAMENTO PLANIALTIMÉTRICO CADASTRAL"]
["SERVIÇO: Serviços Topográficos para Pavimentação    - UNIDADE: M²"]
[{"$nulls":5},"Data:","Novembro/2020"]
["MÃO DE OBRA."]
[1,"CODIGO","DESCRIÇÃO DOS INSUMOS","UNID.","QUANT.","CUSTOS UNITÁRIO (R$).","CUSTO TOTAL (R$)."]
["1.1",2708,"Eng  - Coordenador","h",10.56,"115,46",1219.26]
["1.1",2707,"Eng Plano - Estudos Topográficos","h",88,"84,46",7432.48]
["1.2",7592,"Topógrafo","h",176,"19,05",3352.8]
["1.3",244,"Aux. de topografia","h",352,"7,77",2735.04]
["1.4",2707,"Coordenador de Escritório","h",26.4,"84,46",2229.7399999999998]
["1.5",2355,"Desenhista Detalhista","h",176,"26,63",4686.88]
[{"$nulls":6},21656.2]
["Total do Item 1:",{"$nulls":5},21656.2]
["LOCAÇÃO DE VEICULOS."]
[2,null,"DESCRIÇÃO DOS INSUMOS","UNID.","QUANT.","CUSTOS UNITÁRIO (R$).","CUSTO TOTAL (R$)."]
["2.2","COMPOSIÇÃO (contratual)","Veículo 4x4 à fiscalização com seguro, taxas de licenciamento, revisão periódica, manutenção, combustível e pneus.","mês",1,4867.22,4867.22]
["Total do Item 2:",{"$nulls":5},4867.22]
["EQUIPAMENTOS TOPOGRAFICOS."]
[3,null,"DESCRIÇÃO DOS INSUMOS","UNID.","QUANT.","CUSTOS UNITÁRIO (R$).","CUSTO TOTAL (R$)."]
["3.1","CODEVASF (contratual)","Estação total classe 2","mês",1,900,900]
["3.2","CODEVASF (contratual)","Rádio","mês",0.3,339.54,101.86]
["Total do Item 3",{"$nulls":5},1001.86]
["DESPESAS 01 EQUIPE - DIARIAS E ALIMENTAÇÃO"]
[4,null,"DESCRIÇÃO","UNID.","QUANT.","CUSTOS UNITÁRIO (R$).","CUSTO TOTAL (R$)."]
["4.1","8532/ORSE (contratual)","Hospedagem","diária",15,109,1635]
["4.2","37370 (contratual)","Alimentação (Almoço)","h",94.6,"2,07",195.82]
["4.3","37370 (contratual)","Alimentação (Jantar)","h",15,"2,07",31.05]
["Total do item 4",{"$nulls":5},1861.87]
[{"$nulls":4},"Total Itens 1, 2, 3 e 4",null,29387.15]
[null,null,"BDI",null,null,0.29199999999999998,8581.0499999999993]
["PRECO MENSAL DA EQUIPE (1 mês = 22 dias)",{"$nulls":5},37968.199999999997]
["PRECO UNITARIO DE 01 (UMA) EQUIPE POR DIA",{"$nulls":5},1725.83]
[]
["PRODUTIVIDADE DA EQUIPE ",{"$nulls":4},6000,"m²/dia"]
[]
["PREÇO DO LEVANTAMENTO PLANIALTIMETRICO POR M²",{"$nulls":5},0.28999999999999998]
[]
[{"$nulls":7},0]

{"sheet":"Projeto Geometrico","index":4,"n_rows":45,"n_cols":8,"rows_kept":45,"cut":false,"hidden":false,"merged":[[20,0,20,6],[10,0,10,6],[11,0,11,6],[13,0,13,6],[18,0,18,5],[19,0,19,5],[2,1,2,6],[3,1,3,6],[6,0,6,6],[7,0,7,6],[9,0,9,6],[36,2,36,4],[37,0,37,5],[38,0,38,5],[40,0,40,4],[23,0,23,5],[24,0,24,6],[28,0,28,5],[29,0,29,6],[34,0,34,5],[35,4,35,5]]}
[]
[]
[null,"PREGÃO ELETRÔNICO  EDITAL Nº 012/2019"]
[null,"(SISTEMA DE REGISTRO DE PREÇOS – SRP) "]
[]
[]
["CONTRATO N.º 3.223.00.2019"]
["OBJETO: REALIZAÇÃO DE LEVANTAMENTOS TOPOGRÁFICOS PARA APOIO À FISCALIZAÇÃO CODEVASF."]
[]
[]
["LEVANTAMENTO PLANIALTIMÉTRICO CADASTRAL"]
["SERVIÇO: Projeto Geométrico de Vias Urbanas e Rurais    - UNIDADE: M²"]
[{"$nulls":5},"Data:","Novembro/2020"]
["MÃO DE OBRA."]
[1,"CODIGO","DESCRIÇÃO DOS INSUMOS","UNID.","QUANT.","CUSTOS UNITÁRIO (R$).","CUSTO TOTAL (R$)."]
["1.1",2707,"Eng Plano - Geométrico","h",86.24,"84,46",7283.83]
["1.2",2706,"Eng Júnior - Geométrico","h",140.80000000000001,"74,21",10448.77]
["1.3",2355,"Desenhista Detalhista","h",176,"26,63",4686.88]
[{"$nulls":6},22419.48]
["Total do Item 1:",{"$nulls":5},22419.48]
["LOCAÇÃO DE VEICULOS."]
[2,null,"DESCRIÇÃO DOS INSUMOS","UNID.","QUANT.","CUSTOS UNITÁRIO (R$).","CUSTO TOTAL (R$)."]
["2.2","COMPOSIÇÃO (contratual)","Veículo 4x4 à fiscalização com seguro, taxas de licenciamento, revisão periódica, manutenção, combustível e pneus.","mês",null,4867.22,0]
["Total do Item 2:",{"$nulls":5},0]
["EQUIPAMENTOS TOPOGRAFICOS."]
[3,null,"DESCRIÇÃO DOS INSUMOS","UNID.","QUANT.","CUSTOS UNITÁRIO (R$).","CUSTO TOTAL (R$)."]
["3.1","CODEVASF (contratual)","Estação total classe 2","mês",null,900,0]
["3.2","CODEVASF (contratual)","Rádio","mês",null,339.54,0]
["Total do Item 3",{"$nulls":5},0]
["DESPESAS 01 EQUIPE - DIARIAS E ALIMENTAÇÃO"]
[4,null,"DESCRIÇÃO","UNID.","QUANT.","CUSTOS UNITÁRIO (R$).","CUSTO TOTAL (R$)."]
["4.1","8532/ORSE (contratual)","Hospedagem","diária",null,109,0]
["4.2","37370 (contratual)","Alimentação (Almoço)","h",null,"2,07",0]
["4.3","37370 (contratual)","Alimentação (Jantar)","h",0,"2,07",0]
["Total do item 4",{"$nulls":5},0]
[{"$nulls":4},"Total Itens 1, 2, 3 e 4",null,22419.48]
[null,null,"BDI",null,null,0.29199999999999998,6546.49]
["PRECO MENSAL DA EQUIPE (1 mês = 22 dias)",{"$nulls":5},28965.97]
["PRECO UNITARIO DE 01 (UMA) EQUIPE POR DIA",{"$nulls":5},1316.64]
[]
["PRODUTIVIDADE DA EQUIPE ",{"$nulls":4},5795,"m²/dia (0,5 KM)"]
[]
["PREÇO DO DESENV. PROJETO GEOMETRICO DE VIAS URBANAS E RURAIS POR M²",{"$nulls":5},0.23]
[]
[{"$nulls":7},0]

{"sheet":"Enc Sociais","index":5,"n_rows":43,"n_cols":9,"rows_kept":43,"cut":false,"hidden":false,"merged":[[42,0,42,4],[0,0,1,8],[2,0,3,4],[36,0,36,8],[37,1,37,4],[38,1,38,4],[39,1,39,4],[40,0,40,4],[31,1,31,4],[32,1,32,4],[33,1,33,4],[34,1,34,4],[35,0,35,4],[16,1,16,4],[27,0,27,4],[28,1,28,8],[29,1,29,4],[30,1,30,4],[2,5,2,6],[2,7,2,8],[4,1,4,4],[14,0,14,4],[15,0,15,7]]}
["DETALHAMENTO DOS ENCARGOS SOCIAIS"]
[]
["DISCRIMINAÇÃO",{"$nulls":4},"SEM DESONERAÇÃO",null,"COM DESONERAÇÃO"]
[{"$nulls":5},"HORISTA","MESALISTA","HORISTA","MESALISTA"]
["A","GRUPO A"]
["A1","INSS",null,null,null,0.2,0.2,"0,00%","0,00%"]
["A2","Sesi",null,null,null,1.4999999999999999E-2,1.4999999999999999E-2,1.4999999999999999E-2,1.4999999999999999E-2]
["A3","Senai",null,null,null,0.01,0.01,0.01,0.01]
["A4","Incra",null,null,null,2E-3,2E-3,2E-3,2E-3]
["A5","Sebrae",null,null,null,6.0000000000000001E-3,6.0000000000000001E-3,6.0000000000000001E-3,6.0000000000000001E-3]
["A6","Salário Educação ",null,null,null,2.5000000000000001E-2,2.5000000000000001E-2,2.5000000000000001E-2,2.5000000000000001E-2]
["A7","Seguro Contra Acidente de Trabalho",null,null,null,0.03,0.03,0.03,0.03]
["A8","FGTS",null,null,null,0.08,0.08,0.08,0.08]
["A9","Seconci",null,null,null,"0,00%","0,00%","0,00%","0,00%"]
["SUBTOTAL DE \"A\"",{"$nulls":4},0.36799999999999999,0.36799999999999999,0.16800000000000001,0.16800000000000001]
[]
["B","GRUPO B"]
["B1","Repouso Semanal Remunerado",null,null,null,0.18060000000000001,"NÃO INCIDE",0.18060000000000001,"NÃO INCIDE"]
["B2","Feriados",null,null,null,4.3299999999999998E-2,"NÃO INCIDE",4.3299999999999998E-2,"NÃO INCIDE"]
["B3","Auxílio - Enfermidade",null,null,null,9.2999999999999992E-3,7.1000000000000004E-3,9.2999999999999992E-3,7.1000000000000004E-3]
["B4","13º Salário",null,null,null,0.1086,8.3299999999999999E-2,0.1086,8.3299999999999999E-2]
["B5","Licença Paternidade",null,null,null,6.9999999999999999E-4,5.9999999999999995E-4,6.9999999999999999E-4,5.9999999999999995E-4]
["B6","Faltas Justificadas",null,null,null,7.1999999999999998E-3,5.5999999999999999E-3,7.1999999999999998E-3,5.5999999999999999E-3]
["B7","Dias de Chuvas",null,null,null,2.18E-2,"NÃO INCIDE",2.18E-2,"NÃO INCIDE"]
["B8","Auxílio Acidente de Trabalho",null,null,null,1.1000000000000001E-3,8.9999999999999998E-4,1.1000000000000001E-3,8.9999999999999998E-4]
["B9","Férias Gozadas",null,null,null,7.6899999999999996E-2,5.8999999999999997E-2,7.6899999999999996E-2,5.8999999999999997E-2]
["B10","Salário Maternidade",null,null,null,2.9999999999999997E-4,2.0000000000000001E-4,2.9999999999999997E-4,2.0000000000000001E-4]
["SUBTOTAL DE  \"B\"",{"$nulls":4},0.44979999999999998,0.15670000000000001,0.44979999999999998,0.15670000000000001]
[]
["C","GRUPO C"]
["C1","Aviso Prévio Indenizado",null,null,null,4.8300000000000003E-2,3.7100000000000001E-2,4.8300000000000003E-2,3.7100000000000001E-2]
["C2","Aviso Prévio Trabalhado",null,null,null,1.1000000000000001E-3,8.9999999999999998E-4,1.1000000000000001E-3,8.9999999999999998E-4]
["C3","Férias Indenizadas",null,null,null,5.96E-2,4.58E-2,5.96E-2,4.58E-2]
["C4","Depósito Recisão Sem Justa Causa",null,null,null,4.9599999999999998E-2,3.8100000000000002E-2,4.9599999999999998E-2,3.8100000000000002E-2]
["C5","Indenização Adicional",null,null,null,4.1000000000000003E-3,3.0999999999999999E-3,4.1000000000000003E-3,3.0999999999999999E-3]
["SUBTOTAL DE \"C\"",{"$nulls":4},0.16270000000000001,0.125,0.16270000000000001,0.125]
[]
["D","GRUPO D"]
["D1","Reincidência de Grupo A sobre Grupo B",null,null,null,0.16550000000000001,5.7700000000000001E-2,7.5600000000000001E-2,2.63E-2]
["D2","Reincidência de Grupo A sobre Aviso Prévio Trabalhado e Reincidência do FGTS sobre Aviso Prévio Indenizado",null,null,null,4.3E-3,3.3E-3,4.0000000000000001E-3,3.0999999999999999E-3]
["SUBTOTAL DE \"D\"",{"$nulls":4},0.16980000000000001,6.0999999999999999E-2,7.9600000000000004E-2,2.9399999999999999E-2]
[]
["TOTAIS DE ENCARGOS SOCIAIS",{"$nulls":4},1.1503000000000001,0.7107,0.86009999999999998,0.47910000000000003]

{"sheet":"CPU VEICULO","index":6,"n_rows":45,"n_cols":4,"rows_kept":45,"cut":false,"hidden":false,"merged":[[1,1,1,3],[2,1,2,3],[3,1,3,3]]}
[]
[null,"CODEVASF - 1.4"]
[null,"APOIO A FISCALIZAÇÃO DE OBRAS DA 3º SUPERINTENDENCIA REGIONAL."]
[null,"Caminhonete utilitária cabine dupla - CD SR 3.0 diesel 4x4 163 CV"]
[null,"A","Depreciação mensal do equipamento"]
[null,"A1","Preço de Aquisição ",118286]
[null,"A2","Tempo previsto de vida útil (meses)",60]
[null,"A3","Previsão de recup. Na venda do bem usado",0.4]
[null,"A4","Custo mensal [A1-(A3xA1)]/A2",1182.8599999999999]
[null,"B","Juros pelo Capital empregado"]
[null,"B1","Taxa mensal de Juros ",0.05]
[null,"B2","Juros s/depreciação/aluguel (B1xA4)",59.14]
[null,"C","Conservação e manutenção "]
[null,"C1","Taxa de gastos s/a deprec. Inc. seguros (%)",1]
[null,"C2","Incidência mensal (C1xA4)",1182.8599999999999]
[null,"D","Combustível"]
[null,"D1","Média mensal de quilômetro por veículo",3000]
[4221,"D2","Preço do litro de combustível","3,51"]
[null,"D3","Quilômetros rodados com um litro combustivel",10]
[null,"D4","Combustivel    (D1/D3)*D2",1053]
[null,"E","Lubrificantes"]
[null,"E1","Quilometragem do Contrato ",36000]
[null,"E2","Franquia por troca de óleo (km)",5000]
[4227,"E3","Preço do litro de óleo","17,50"]
[null,"E4","Quantidade de litros de óleo por troca",3.65]
[null,"E5","Quantidade de dias do Contrato",360]
[null,"E6","Lubrificantes  E = (E1*E3*E4*30)/E2*E5",38.33]
[null,"F","Pneus"]
[null,"F1","Quilometragem do Contrato ",36000]
[null,"F2","Vida do Pneu em quilômetros",45000]
[null,"F3","Quantidade de pneus",5]
[null,"F4","Preço do Pneu",777.56]
[null,"F5","Quantidade de dias do contrato ",360]
[null,"F6","Pneus = (F1*F3*F4*30)/(F2*F5)",259.19]
[null,"G","Motorista"]
[null,"G1","Salário com encargos sociais",0]
[null,"H","Custo Mensal"," "]
[null,null,"Sem Motorista",3775.38]
[null,null,"Com Motorista",3775.38]
[null,"I","Custo Direto p/ km Rodado"]
[null,null,"Sem Motorista",1.26]
[null,null,"Com Motorista",1.26]
[null,"J","Preço cobrado c/BDI"," "]
[null,"J1","Sem Motorista",4867.22]
[null,"J2","Com Motorista",4867.22]